| 000 | 00420nam a2200133Ia 4500 | ||
|---|---|---|---|
| 008 | 191206s9999 xx 000 0 und d | ||
| 020 | _a30177960 | ||
| 090 | _aPE1112.M69 | ||
| 245 | 0 | _a"Handbook for writers: grammar, punctuation, diction, rhetoric, research" | |
| 260 | _a"Holt, Rinehart and Winston" | ||
| 260 | _cc[1980] | ||
| 300 | _a"xiii, 494 p. ; 22 cm." | ||
| 999 |
_c16112 _d16112 |
||